00783nam a22002177a 450000500170000001000150001702000320003202000350006403500130009903700130011208200080012524500930013326000290022627000540025530000310030950000190034070000270035994200220038699900170040895201400042520100804122956.0 aENG-100795 c1195.00a8173043531(Series) c1195.00a8173047200( vol viii) aEN-84328 bDBAD/PUB a921 aJayaprakash Narayan :cedited by Bimal Prashad bselected works volume viii ( 1960-1966) aNew DelhibManoharc2007 a4753/23 Ansari Road, DaryaganjbNew Delhie110002 aV.8. xxxiv,760pb24cm (Hb) aIncludes index aPrashad, Bimal 96065 2ddccENh921mJAY c42354d42354 001040718NFICaDBADbDBADd2010-08-18eDBAD/PUBg1195.00l0o921 JAYpEN-84328r2010-08-18 00:00:00t1v1195.00w2010-08-18yENzv 8